[Event "Défi"]
[Site "www.echecsemail.com"]
[Date "2026.01.01"]
[Round "1"]
[White "Lamagouille"]
[Black "Artistepeintre"]
[WhiteElo "1550"]
[BlackElo "1550"]
[Result "0-1"]
1.d4 d5
2.Bc1f4 Nb8c6
3.e3 a6
4.Ng1f3 h6
5.c3 Bc8f5
6.Bf1e2 e6
7.Qd1b3 b5
8.Nb1d2 Nc6a5
9.Qb3d1 g5
10.Bf4e5 f6
11.Be5g3 h5
12.h4 g4
13.Nf3h2 Ng8e7
14.b4 Na5c6
15.f3 gxf3
16.Nh2xf3 Bf8h6
17.Kf2 Rh8g8
 { temps }0-1

[Event "Défi"]
[Site "www.echecsemail.com"]
[Date "2026.01.01"]
[Round "1"]
[White "Khamis"]
[Black "Lancov"]
[WhiteElo "1830"]
[BlackElo "1930"]
[Result "1-0"]
1.d4 d6
2.Ng1f3 Ng8f6
3.h3 g6
4.c4 Bf8g7
5.Nb1c3 Nb8d7
6.e4 c5
7.d5 Qd8a5
8.Bc1d2 Qa5c7
9.Bf1e2 O-O
10.O-O a6
11.Bd2f4 Nf6h5
12.Bf4h2 f5
13.Nf3g5 Nd7f6
14.Ng5e6 Bc8xe6
15.dxe6 Nf6xe4
16.Nc3d5 Qc7d8
17.Ra1b1 Bg7d4
18.b3 Nh5f6
19.Be2f3 Ne4c3
20.Nd5xc3 Bd4xc3
21.Bf3xb7 Ra8a7
22.Bb7c6 Qd8b6
23.Bc6a4 Nf6h5
24.Qd1f3 Bc3d4
25.Qf3d3 Qb6b7
26.Kh1 Nh5g7
27.Ba4d7 Rf8f6
28.f3 Ng7xe6
29.Bd7xe6 Rf6xe6
30.Bh2g1 Bd4xg1
31.Kxg1 Re6e5
32.Rf1e1 Re5xe1
33.Rb1xe1 Qb7c6
34.Re1e6 Qc6d7
35.Qd3d5 Kg7
36.Re6e2 e5
37.Re2d2 e4
38.fxe4 fxe4
39.Qd5xe4 Qd7d8
40.Qe4e6 Ra7d7
41.g4 a5
42.h4 Qd8f8
43.Qe6xd7 { abandon }1-0

[Event "Marmotte chess  3"]
[Site "www.echecsemail.com"]
[Date "2026.01.01"]
[Round "1"]
[White "4x4"]
[Black "Nuageblanc"]
[WhiteElo "1500"]
[BlackElo "1580"]
[Result "0-1"]
1.d4 Ng8f6
2.e3 d6
3.Ng1f3 c5
4.dxc5 Qd8a5
5.Bc1d2 Qa5xc5
6.Nb1c3 Qc5c7
7.Qd1e2 Bc8d7
8.O-O-O a6
9.Nf3d4 e5
10.Nd4b3 b5
11.Qe2f3 Bd7c6
12.Qf3g3 b4
13.Nc3b1 a5
14.f3 Bc6d5
15.Bf1b5 Nb8d7
16.e4 Bd5c6
17.Bb5xc6 Qc7xc6
18.c3 a4
19.Nb3a1 Nd7c5
20.cxb4 Nc5d3
0-1

[Event "Tournoi n27334"]
[Site "www.echecsemail.com"]
[Date "2026.01.01"]
[Round "1"]
[White "Verson"]
[Black "Ozon"]
[WhiteElo "1870"]
[BlackElo "1680"]
[Result "0-1"]
1.d4 d5
2.Ng1f3 Ng8f6
3.e3 e6
4.Bf1d3 Nb8c6
5.c3 Bf8d6
6.Nb1d2 e5
7.O-O O-O
8.dxe5 Bd6xe5
9.Nf3xe5 Nc6xe5
10.Bd3e2 Bc8f5
11.Nd2f3 Qd8e7
12.b3 c6
13.Bc1b2 a6
14.c4 Ne5d7
15.cxd5 Nf6xd5
16.h3 Bf5g6
17.Be2c4 Nd5b6
18.Qd1d4 Qe7f6
19.Qd4d2 Nb6xc4
20.bxc4 Qf6e6
21.Ra1d1 Ra8d8
22.Qd2c3 f6
23.Rd1d2 Nd7b6
24.Rf1c1 Nb6a4
25.Qc3b3 Na4xb2
26.Rd2xb2 Rd8b8
27.Rb2d2 Bg6f7
28.Rd2d4 c5
29.Rd4d2 b6
30.Qb3c3 a5
31.Rd2d5 Qe6c6
32.Rd5f5 Qc6e6
33.Rf5f4 Rb8b7
34.Nf3d2 Bf7g6
35.Rc1d1 Rb7d7
36.Qc3c1 Rf8d8
37.g4 Rd7d3
38.Kg2 Qe6d6
39.Nd2e4 Bg6xe4
{ abandon }0-1

[Event "Coupe Niveau 2"]
[Site "www.echecsemail.com"]
[Date "2026.01.01"]
[Round "1"]
[White "Yab414"]
[Black "Daingni"]
[WhiteElo "1650"]
[BlackElo "1610"]
[Result "0-1"]
1.e4 e5
2.Ng1f3 d6
3.Bf1e2 Bc8g4
4.O-O Ng8f6
5.Nb1c3 Bg4xf3
6.Be2xf3 Bf8e7
7.d3 O-O
8.Bc1g5 h6
9.Bg5xf6 Be7xf6
10.Nc3d5 Nb8c6
11.Nd5xf6 Qd8xf6
12.c3 Nc6e7
13.c4 Ne7c6
14.a3 Nc6d4
15.Bf3g4 g6
16.a4 h5
17.Bg4e2 Nd4xe2
18.Qd1xe2 b6
19.b3 a6
20.Qe2e3 Qf6f4
21.Qe3xf4 exf4
22.f3 f5
23.h4 b5
24.exf5 Rf8xf5
25.Kh2 b4
26.Ra1e1 Rf5e5
27.Re1e4 Ra8e8
28.Rf1e1 Re5xe4
29.dxe4 Kf7
30.Re1d1 Ke6
31.Rd1d5 c6
32.Rd5a5 Re8a8
33.Kh3 c5
34.g4 Ke5
35.Kg2 Kd4
36.Kf2 Kc3
37.Ke2 Kxb3
38.Kd3 Ka2
39.e5 b3
40.exd6 b2
41.d7 b1Q
42.Ke2 Qb1c2
43.Kf1 Qc2xc4
44.Kf2 Qc4d4
45.Kf1 Ra8d8
46.g5 Rd8xd7
47.Ra5xc5 Qd4xc5
48.Ke2 Qc5e3
49.Kf1 Rd7d1
50.Kg2 Rd1d2
51.Kh3 Qe3f2
52.a5 Qf2g2
0-1

[Event "Défi( 10J+24H/c 10J Max )"]
[Site "www.echecsemail.com"]
[Date "2026.01.01"]
[Round "1"]
[White "Anumisme"]
[Black "Amour"]
[WhiteElo "1130"]
[BlackElo "1050"]
[Result "1-0"]
1.d4 d5
2.Nb1c3 Nb8c6
3.f3 Bc8f5
4.e4 dxe4
5.fxe4 Bf5e6
6.d5 Nc6b4
7.dxe6 fxe6
8.Bf1b5 c6
9.Bb5a4 Ng8f6
10.a3 Nb4a6
11.Bc1d2 Na6c5
12.b4 Nc5a6
13.b5 cxb5
14.Ba4xb5 Nf6d7
15.Ng1f3 Na6c5
16.Bd2f4 h5
17.Nf3e5 Qd8c7
18.g3 a6
19.Bb5a4 b5
20.Ne5g6 Nd7f6
21.Bf4xc7 Rh8h6
22.Ng6e5 g5
23.Ba4b3 a5
24.Nc3xb5 Nf6xe4
25.a4 h4
26.Qd1d4 Nc5b7
27.Qd4xe4 Rh6h8
28.Qe4g6 1-0

[Event "Défi( 10J+24H/c 10J Max )"]
[Site "www.echecsemail.com"]
[Date "2026.01.01"]
[Round "1"]
[White "Patau"]
[Black "Hberlioz"]
[WhiteElo "1710"]
[BlackElo "1690"]
[Result "1-0"]
1.e4 e5
2.Ng1f3 Nb8c6
3.c3 Ng8f6
4.d4 d6
5.Bf1b5 Bc8d7
6.Nb1d2 Qd8e7
7.O-O exd4
8.Nf3xd4 Nc6xd4
9.Bb5xd7 Kxd7
10.cxd4 Nf6xe4
11.d5 Ne4xd2
12.Bc1xd2 f6
13.Rf1e1 Qe7f7
14.Bd2c3 g5
15.Qd1a4 c6
16.dxc6 bxc6
17.Ra1d1 h5
18.Re1e3 Bf8h6
19.Bc3b4 Bh6f8
20.Re3d3 Kc7
21.Bb4xd6 Bf8xd6
22.Rd3xd6 Qf7e8
23.Rd6xf6 Ra8d8
24.Qa4xa7 Kc8
25.Rd1xd8 Qe8xd8
26.Rf6xc6 { abandon }1-0

[Event "Tournoi n27284"]
[Site "www.echecsemail.com"]
[Date "2026.01.01"]
[Round "1"]
[White "Verson"]
[Black "Bylka"]
[WhiteElo "1780"]
[BlackElo "1760"]
[Result "0-1"]
1.d4 c6
2.Ng1f3 h6
3.e3 d5
4.Bf1d3 Ng8f6
5.Nb1d2 e6
6.O-O Qd8c7
7.e4 dxe4
8.Nd2xe4 Nf6xe4
9.Bd3xe4 Nb8d7
10.Bc1e3 Nd7f6
11.Be4d3 b5
12.Qd1b1 Bc8b7
13.c3 a6
14.Qb1c2 c5
15.Qc2e2 Nf6g4
16.g3 Qc7c6
17.Kg2 Ng4f6
18.dxc5 Bf8xc5
19.Be3xc5 Qc6xc5
20.Ra1d1 Qc5c6
21.Rf1e1 O-O-O
22.h3 Kb8
23.g4 Nf6d5
24.Qe2e5 Ka8
25.Bd3e4 Qc6c5
26.Be4xd5 Bb7xd5
27.Qe5e3 Qc5xe3
28.Re1xe3 Bd5xf3
{ abandon }0-1

[Event "Tournoi n27341"]
[Site "www.echecsemail.com"]
[Date "2026.01.01"]
[Round "1"]
[White "Majula"]
[Black "4x4"]
[WhiteElo "1590"]
[BlackElo "1450"]
[Result "1-0"]
1.e4 e5
2.Ng1f3 d6
3.Nb1c3 Nb8c6
4.Bf1b5 Bc8d7
5.O-O a6
6.Bb5xc6 bxc6
7.d3 Ng8f6
8.h3 Bf8e7
9.Bc1e3 c5
10.Rf1e1 c6
11.Nc3e2 Qd8c8
12.c4 Bd7xh3
13.Nf3g5 Bh3g4
14.f3 Bg4h5
15.Kf2 h6
16.Ng5h3 g5
17.Ne2g3 Bh5g6
18.Re1h1 Nf6h5
19.Ng3xh5 Bg6xh5
20.g4 Bh5g6
21.Qd1c2 O-O
22.Ra1g1 d5
23.exd5 cxd5
24.cxd5 Qc8d7
25.Qc2c4 Rf8c8
26.Rg1g3 f6
27.Nh3g1 Kg7
28.Rg3h3 Rc8h8
29.Ng1e2 Qd7b5
30.b3 Qb5xc4
31.dxc4 e4
32.f4 gxf4
33.Ne2xf4 Be7d6
34.Nf4e6 Kh7
35.Rh3xh6 Kg8
36.Rh6xh8 Kf7
37.Rh8xa8 f5
38.Ra8xa6 f4
39.Ra6xd6 fxe3
40.Kxe3 Kf6
41.Ne6xc5 Kg5
42.Nc5xe4 Kxg4
43.Rd6xg6 Kf5
44.Rg6f6 Ke5
45.Rh1h5 1-0

[Event "Tournoi n27332"]
[Site "www.echecsemail.com"]
[Date "2026.01.01"]
[Round "1"]
[White "Verson"]
[Black "Blackrider"]
[WhiteElo "1910"]
[BlackElo "1710"]
[Result "0-1"]
1.d4 d5
2.Ng1f3 Nb8c6
3.e3 a6
4.c4 e6
5.Nb1c3 g6
6.a3 Bf8g7
7.Bf1d3 Ng8e7
8.O-O O-O
9.b4 Qd8e8
10.Bc1b2 Nc6d8
11.Ra1c1 c6
12.Nc3a4 Ra8b8
13.e4 Kh8
14.e5 Ne7g8
15.Nf3g5 h6
16.Ng5h3 dxc4
17.Bd3e4 b5
18.Na4c5 Bc8b7
19.Nc5xb7 Nd8xb7
20.Nh3f4 Rb8d8
21.Qd1g4 Kh7
22.Nf4h5 f5
23.exf6 Ng8xf6
24.Nh5xf6 Bg7xf6
25.h4 Bf6xd4
26.Bb2xd4 Rd8xd4
27.h5 Kg7
28.Rf1e1 e5
29.hxg6 Nb7d6
30.Rc1c3 Rf8f4
31.Qg4h5 Nd6xe4
32.Rc3e3 Ne4f6
33.Qh5xe5 Qe8xe5
34.Re3xe5 Kxg6
35.Re5e6 Rd4d3
36.Re6e3 Rd3xe3
37.Re1xe3 Nf6d5
38.Re3e6 Rf4f6
{ abandon }0-1

[Event "TRISTAN DA CUNHA"]
[Site "www.echecsemail.com"]
[Date "2026.01.01"]
[Round "1"]
[White "Intrigue"]
[Black "Mindthegap"]
[WhiteElo "1750"]
[BlackElo "1420"]
[Result "0-1"]
1.e4 e5
2.Ng1f3 Nb8c6
3.Nb1c3 Ng8f6
4.Bf1c4 Nf6xe4
5.Nc3xe4 d5
6.Bc4xd5 Qd8xd5
7.Ne4c3 Qd5d6
8.h3 Qd6g6
9.Nf3h4 Qg6g5
10.g3 Qg5e7
11.d3 Bc8e6
12.Bc1e3 Qe7d7
13.g4 O-O-O
14.Qd1e2 Nc6d4
15.Be3xd4 exd4
16.Nc3e4 Rd8e8
17.O-O-O Bf8d6
18.Nh4f5 Qd7a4
19.Nf5xd6 cxd6
20.Ne4xd6 Kb8
21.Nd6xe8 Qa4xa2
22.Ne8d6 Qa2a1
23.Kd2 Qa1a5
24.c3 Qa5a2
25.Nd6c4 Be6xc4
26.dxc4 Qa2xb2
27.Kd3 Qb2xc3
28.Ke4 Rh8e8
29.Kd5 Re8xe2
{ abandon }0-1

[Event "Tournoi n27308"]
[Site "www.echecsemail.com"]
[Date "2026.01.01"]
[Round "1"]
[White "Cramsnellac"]
[Black "Legrillon"]
[WhiteElo "1690"]
[BlackElo "1680"]
[Result "0-1"]
1.Ng1f3 d5
2.e3 Bc8g4
3.Bf1e2 Bg4xf3
4.Be2xf3 e6
5.O-O Nb8c6
6.b3 Bf8b4
7.Bc1b2 f6
8.Bf3g4 Qd8e7
9.f4 a6
10.f5 e5
11.Bg4h5 Kd7
12.d3 Ra8d8
13.Bh5f3 Qe7d6
14.c4 d4
15.e4 Kc8
16.a3 Bb4c3
17.Bb2xc3 dxc3
18.Bf3e2 Qd6d4
19.Kh1 g6
20.fxg6 hxg6
21.Qd1c2 Ng8e7
22.Nb1xc3 Rh8h6
23.Rf1xf6 Rd8h8
24.Be2g4 Kb8
25.h3 Qd4e3
26.Rf6f3 Qe3g5
27.Ra1f1 Rh8d8
28.Rf3f8 Rh6h8
29.Rf8xd8 Rh8xd8
30.Nc3d5 Nc6d4
31.Qc2c3 Ne7c6
32.b4 Nc6a7
33.a4 b5
34.axb5 axb5
35.cxb5 Na7xb5
36.Rf1f6 Nb5xc3
{ abandon }0-1

[Event "Défi( 10J+24H/c 10J Max )"]
[Site "www.echecsemail.com"]
[Date "2026.01.01"]
[Round "1"]
[White "Minon"]
[Black "Founet"]
[WhiteElo "1930"]
[BlackElo "1860"]
[Result "1/2-1/2"]
1.g3 e5
2.b3 d5
3.Bc1b2 d4
4.Bf1g2 c5
5.d3 Bf8d6
6.Nb1d2 Ng8e7
7.Nd2e4 O-O
8.Ne4xd6 Qd8xd6
9.Ng1f3 f5
10.Nf3d2 Nb8c6
11.Nd2c4 Qd6c7
12.a3 b5
13.Nc4d2 f4
14.c4 a6
15.cxb5 axb5
16.Nd2e4 Qc7b6
17.Ra1c1 Qb6a5
18.Qd1d2 Qa5xd2
19.Ne4xd2 Bc8b7
20.Rc1xc5 fxg3
21.hxg3 b4
22.a4 Ra8a7
23.Nd2c4 Rf8f5
24.Nc4d6 Rf5f6
25.Nd6e4 Rf6g6
26.Ne4d2 h6
27.Rh1g1 Rg6e6
28.Bg2h3 Re6f6
29.Nd2e4 Rf6g6
30.g4 h5
31.g5 Nc6a5
32.Ne4d2 Bb7d5
33.Nd2c4 Na5xb3
34.Nc4xe5 Nb3xc5
35.Ne5xg6 Ne7xg6
36.Bb2xd4 Ra7c7
37.Kd2 Nc5xa4
38.e4 Bd5f7
39.Rg1a1 Bf7e8
40.Bh3e6 Kh7
41.Be6f5 Na4c5
42.Ra1a8 Be8f7
43.Ra8b8 b3
44.Bd4e5 Rc7a7
45.Kc3 Nc5a4
46.Kd2 Ra7a5
47.d4 h4
48.d5 h3
49.Rb8xb3 Bf7xd5
50.Rb3xh3 Kg8
51.Bf5xg6 Bd5e6
52.Bg6h7 Kf7
53.Rh3f3 Ke7
54.Be5xg7 Na4b6
55.Bg7f6 Ke8
56.Bh7g6 Kd7
57.Rf3d3 Kc7
58.Bf6d8 Kb7
59.Bd8xb6 Ra5xg5
60.Bg6f5 Be6xf5
61.exf5 Kxb6
62.Rd3f3 Rg5g8
63.Ke3 Kc7
64.Rf3f4 Kd6
65.f3 Ke7
66.Rf4e4 Kf6
67.Kf4 Rg8h8
68.Re4e6 Kf7
69.Ke5 Rh8h1
70.Re6b6 Rh1e1
71.Kf4 Re1a1
72.Rb6b4 Ra1a3
73.Rb4e4 Ra3a1
74.Kg5 Ra1g1
75.Re4g4 Rg1a1
76.f4 Ra1a6
77.Rg4h4 Kg7
78.Rh4h1 Ra6a2
79.f6 Kg8
80.Rh1g1 Kf7
81.f5 Ra2a8
82.Kf4 Kxf6
83.Rg1g6 Kf7
84.Kg5 Ra8a1
85.Rg6f6 Kg7
86.Rf6c6 Ra1g1
87.Kf4 Rg1f1
88.Ke5 Rf1e1
89.Kd6 Kf6
90.Rc6c5 Re1f1
91.Rc5d5 Rf1xf5
92.Rd5xf5 Kxf5
1/2-1/2

[Event "Défi"]
[Site "www.echecsemail.com"]
[Date "2026.01.01"]
[Round "1"]
[White "Midas"]
[Black "Fr7d"]
[WhiteElo "1590"]
[BlackElo "1640"]
[Result "1-0"]
1.e4 e5
2.Ng1f3 d6
3.Nb1c3 Ng8f6
4.d3 Nb8c6
5.Bf1e2 Bf8e7
6.Bc1g5 h6
7.O-O Nc6d4
8.Rf1e1 O-O
9.Bg5h4 Nd4xf3
10.Be2xf3 c6
11.a4 Bc8e6
12.b3 Qd8d7
13.h3 Ra8c8
14.Ra1c1 d5
15.exd5 Be6xd5
16.Bf3xd5 cxd5
17.Re1xe5 Rc8xc3
18.Qd1e1 Rc3c7
19.Qe1a5 Rf8e8
20.Qa5xa7 Be7d6
21.Re5xe8 Qd7xe8
22.Bh4xf6 gxf6
23.Qa7d4 Kf8
24.Qd4xf6 Rc7c6
25.Qf6h8 Ke7
26.Rc1e1 Bd6e5
27.Re1xe5 Rc6e6
28.Qh8xe8 Kxe8
29.Re5xe6 fxe6
30.f4 Kd7
31.Kf2 Kc6
32.d4 h5
33.Kf3 Kd6
34.c3 b6
35.Kg3 Ke7
36.Kh4 e5
37.fxe5 Ke6
38.Kxh5 b5
39.a5 Kf5
40.g4 Ke4
41.g5 Kd3
42.g6 Kxc3
43.g7 Kxd4
44.g8Q { abandon }1-0

[Event "Défi( 10J+24H/c 10J Max )"]
[Site "www.echecsemail.com"]
[Date "2026.01.01"]
[Round "1"]
[White "Titit1"]
[Black "Tiounet"]
[WhiteElo "1490"]
[BlackElo "1670"]
[Result "0-1"]
1.d4 b5
2.e4 Bc8b7
3.e5 g6
4.f3 a6
5.Nb1c3 Bf8g7
6.Bf1d3 e6
7.Bc1e3 Ng8e7
8.Ng1e2 O-O
9.O-O b4
10.Nc3e4 Ne7d5
11.Be3f2 a5
12.Ne4c5 Bb7c6
13.Qd1d2 Rf8e8
14.c3 d6
15.exd6 cxd6
16.Nc5b3 bxc3
17.Ne2xc3 Nd5b4
18.Bd3e2 Bc6b7
19.Be2b5 Re8e7
20.Ra1c1 Bb7c6
21.Qd2e2 Bc6xb5
22.Qe2xb5 Nb8c6
23.Nc3e4 d5
24.Ne4c5 Ra8b8
25.Qb5xc6 Nb4xc6
{ abandon }0-1

[Event "Défi"]
[Site "www.echecsemail.com"]
[Date "2026.01.01"]
[Round "1"]
[White "Rescator"]
[Black "Solnic"]
[WhiteElo "1470"]
[BlackElo "1270"]
[Result "1-0"]
1.e4 e5
2.d3 h6
3.g3 c6
4.a3 Bf8e7
5.Bf1h3 g5
6.g4 Be7c5
7.Bc1e3 Bc5xe3
8.fxe3 Nb8a6
9.Ng1f3 Na6c5
10.Nf3xe5 f6
11.Ne5c4 b5
12.Nc4d6 Ke7
13.Nd6f5 Ke6
14.Nf5g7 Kd6
15.Ng7h5 Qd8a5
16.b4 Ng8e7
17.bxa5 Ne7g6
18.Rh1f1 Nc5e6
19.Rf1xf6 Ng6h4
20.Nh5g7 Nh4f3
21.Rf6xf3 Ne6xg7
22.c4 Bc8a6
23.Rf3f7 Ng7e6
24.Qd1c2 Ne6d8
25.c5 Kc7
26.Rf7e7 Rh8f8
27.Bh3f1 Nd8f7
28.d4 Kd8
29.Re7e5 Nf7xe5
30.dxe5 d5
31.exd5 cxd5
32.e4 d4
33.a4 Ba6c8
34.h3 b4
35.Qc2c4 Rf8e8
36.Qc4xd4 Bc8d7
37.c6 { abandon }1-0

[Event "Tournoi n27359"]
[Site "www.echecsemail.com"]
[Date "2026.01.01"]
[Round "1"]
[White "Zadkine1"]
[Black "Tiounet"]
[WhiteElo "1740"]
[BlackElo "1670"]
[Result "1-0"]
1.e4 a6
2.b3 b5
3.d4 Bc8b7
4.Bf1d3 Ng8f6
5.Nb1d2 g6
6.Ng1f3 Bf8g7
7.O-O O-O
8.Bc1b2 d6
9.Rf1e1 Nb8d7
10.e5 dxe5
11.dxe5 Nf6d5
12.Bd3e4 Nd7b6
13.Ra1c1 Qd8c8
14.c4 bxc4
15.Nd2xc4 Nd5b4
16.Nc4xb6 cxb6
17.Rc1xc8 Bb7xe4
18.Rc8xf8 Ra8xf8
19.Re1xe4 { abandon }1-0

[Event "Transval"]
[Site "www.echecsemail.com"]
[Date "2026.01.01"]
[Round "1"]
[White "Patau"]
[Black "Legrillon"]
[WhiteElo "1700"]
[BlackElo "1700"]
[Result "1-0"]
1.e4 e5
2.Ng1f3 d6
3.Bf1c4 h6
4.d4 Bc8g4
5.dxe5 dxe5
6.Qd1xd8 Kxd8
7.Nf3xe5 Bg4e6
8.Bc4xe6 fxe6
9.Ne5f7 Ke8
10.Nf7xh8 Ng8e7
11.O-O Ne7c6
12.Nb1c3 Nb8d7
13.Bc1f4 e5
14.Bf4e3 Nc6e7
15.Nc3d5 g5
16.Nd5xc7 Kd8
17.Nc7xa8 b6
18.Nh8f7 Kc8
19.Rf1d1 Ne7c6
20.Nf7d6 Kb8
21.Nd6b5 Kxa8
22.Rd1xd7 Nc6b4
23.Rd7d8 Kb7
24.Rd8xf8 Nb4xc2
25.Ra1c1 Nc2b4
26.Rc1c7 Ka6
27.Nb5xa7 Nb4xa2
28.Rf8f6 Na2b4
29.Rf6xb6 { abandon }1-0

[Event "Défi"]
[Site "www.echecsemail.com"]
[Date "2026.01.01"]
[Round "1"]
[White "Khamis"]
[Black "Regor"]
[WhiteElo "1830"]
[BlackElo "1960"]
[Result "0-1"]
1.d4 Ng8f6
2.c4 g6
3.Nb1c3 Bf8g7
4.e4 d6
5.h3 O-O
6.Ng1f3 e6
7.Bf1e2 Nb8c6
8.O-O Nc6e7
9.Bc1e3 c6
10.Ra1c1 b6
11.a3 Bc8b7
12.Qd1c2 Ra8c8
13.Qc2b1 a6
14.Rf1d1 d5
15.e5 Nf6d7
16.Be3f4 c5
17.dxc5 bxc5
18.cxd5 exd5
19.Qb1a2 d4
20.Nc3a4 Qd8a5
21.b3 Ne7d5
22.Bf4d2 Qa5c7
23.Nf3xd4 Qc7xe5
24.Rd1e1 cxd4
25.b4 Qe5d6
26.Be2f3 Nd7f6
27.Na4c5 Bb7a8
28.Bf3e2 a5
29.Nc5a6 axb4
30.Na6xb4 Rc8xc1
31.Re1xc1 Rf8e8
32.Be2f3 Nd5c3
33.Bd2xc3 Ba8xf3
34.gxf3 dxc3
35.Rc1xc3 Nf6h5
36.Rc3d3 Re8e1
37.Kg2 Nh5f4
38.Kg3 Nf4xd3
39.Kh4 Qd6f4
0-1

[Event "Défi( 10J+24H/c 10J Max )"]
[Site "www.echecsemail.com"]
[Date "2026.01.01"]
[Round "1"]
[White "Skalfa"]
[Black "Tunnellavage"]
[WhiteElo "1870"]
[BlackElo "1800"]
[Result "1-0"]
1.e4 e5
2.Nb1c3 Ng8f6
3.Ng1f3 Nb8c6
4.Bf1b5 Bf8b4
5.d3 d6
6.h3 h6
7.O-O O-O
8.Nc3e2 Nc6e7
9.Ne2g3 a6
10.Bb5a4 b5
11.Ba4b3 Ne7g6
12.a3 Bb4a5
13.Ng3f5 Kh7
14.g4 Ng6f4
15.Kh2 Bc8xf5
16.exf5 Nf6d5
17.c4 Qd8h4
18.Nf3xh4 { abandon }1-0

[Event "Tournoi n27324"]
[Site "www.echecsemail.com"]
[Date "2026.01.01"]
[Round "1"]
[White "Letyjo"]
[Black "Bowandarrow"]
[WhiteElo "2760"]
[BlackElo "2700"]
[Result "1/2-1/2"]
1.e4 c5
2.Ng1f3 e6
3.d4 cxd4
4.Nf3xd4 Ng8f6
5.Nb1c3 d6
6.f4 Bf8e7
7.Bc1e3 O-O
8.Qd1e2 e5
9.Nd4f3 b5
10.O-O-O exf4
11.Be3xf4 b4
12.Nc3b5 Qd8a5
13.Kb1 Bc8e6
14.b3 Nb8d7
15.Qe2e1 Nd7c5
16.Rd1d4 Qa5b6
17.Bf4xd6 Be7xd6
18.Rd4xd6 Qb6b7
19.Qe1xb4 Nc5xe4
20.Rd6d4 a5
21.Qb4a3 a4
22.Rd4xa4 Ra8xa4
23.bxa4 Rf8c8
24.Bf1d3 Ne4c3
25.Kb2 Nf6g4
26.Rh1c1 Ng4e3
27.Nf3d4 Ne3d1
28.Ka1 Qb7d5
29.Nb5xc3 Nd1xc3
30.Nd4b5 h5
31.g3 g6
32.Nb5xc3 Rc8xc3
33.Qa3b2 Qd5a5
34.Qb2b5 Qa5c7
35.Qb5b2 Qc7c6
36.Qb2b5 Qc6c7
{ nul }1/2-1/2

[Event "Tournoi n27354"]
[Site "www.echecsemail.com"]
[Date "2026.01.01"]
[Round "1"]
[White "Wenoketo"]
[Black "Tiounet"]
[WhiteElo "1620"]
[BlackElo "1680"]
[Result "1-0"]
1.d4 b5
2.Ng1f3 Bc8b7
3.Bc1f4 g6
4.h3 Bf8g7
5.e3 a6
6.Bf1e2 d6
7.Nb1d2 Ng8f6
8.Bf4h2 O-O
9.O-O Nb8d7
10.a3 c5
11.c3 cxd4
12.cxd4 Ra8c8
13.Ra1c1 Nd7b6
14.Rc1xc8 Qd8xc8
15.Qd1c1 Nb6d5
16.Qc1xc8 Rf8xc8
17.Rf1b1 Rc8c2
18.Be2d3 Rc2c8
19.Kf1 Kf8
20.Ke1 Nd5b6
21.Kd1 Nb6c4
22.Bd3xc4 bxc4
23.Rb1c1 d5
24.Bh2e5 Bb7c6
25.Nd2b1 Nf6e4
26.Ke1 Bg7xe5
27.Nf3xe5 Bc6b7
28.f3 Ne4g3
29.Ne5d7 Ke8
30.Nd7c5 Rc8c7
31.Nb1c3 Bb7c8
32.Nc3xd5 Ng3f5
33.Nd5xc7 Kd8
34.Nc7xa6 Nf5xe3
35.Kf2 Ne3d5
36.Rc1xc4 Nd5b6
37.Rc4c1 Nb6d5
38.Na6b4 Nd5b6
39.Nc5e4 Nb6a4
40.b3 Na4b2
41.Rc1c2 Nb2d1
42.Ke2 { abandon }1-0

[Event "Tournoi n27351"]
[Site "www.echecsemail.com"]
[Date "2026.01.01"]
[Round "1"]
[White "Tiounet"]
[Black "Verson"]
[WhiteElo "1680"]
[BlackElo "1850"]
[Result "0-1"]
1.a3 d5
2.b4 Ng8f6
3.Bc1b2 e6
4.g3 Bf8d6
5.Bf1g2 O-O
6.Ng1f3 Nb8d7
7.O-O c6
8.d3 e5
9.Nb1d2 Rf8e8
10.e3 Nd7f8
11.c4 Bc8g4
12.Qd1c1 Qd8d7
13.Rf1e1 h6
14.cxd5 cxd5
15.Nd2b3 Ra8c8
16.Qc1d2 Nf8g6
17.Ra1c1 Bg4h3
18.Bg2h1 Qd7f5
19.e4 dxe4
20.dxe4 Qf5e6
21.Nb3a5 b6
22.Na5b7 Bd6b8
23.Rc1xc8 Re8xc8
24.Re1c1 Rc8xc1
25.Qd2xc1 Nf6xe4
26.Nf3d2 Ne4xd2
27.Qc1xd2 Bb8c7
28.Nb7d8 Qe6c4
29.Nd8b7 Qc4f1
0-1

[Event "VIC LA GARDIOLE"]
[Site "www.echecsemail.com"]
[Date "2026.01.01"]
[Round "1"]
[White "Woluwe1975"]
[Black "4x4"]
[WhiteElo "1620"]
[BlackElo "1460"]
[Result "1-0"]
1.e4 e5
2.Ng1f3 Nb8c6
3.Nb1c3 Ng8f6
4.d4 exd4
5.Nc3d5 Nf6xd5
6.exd5 Nc6e7
7.Qd1xd4 b6
8.d6 Ne7c6
9.Qd4e4 Bf8e7
10.dxe7 Qd8xe7
11.Qe4xe7 Nc6xe7
12.Bf1d3 Bc8b7
13.Bc1e3 Bb7xf3
14.gxf3 O-O-O
15.O-O-O f6
16.Bd3a6 Kb8
17.Kb1 Ne7f5
18.Be3c1 Nf5h4
19.f4 d6
20.Rh1g1 g6
21.b3 Nh4f3
22.Rg1g3 Nf3xh2
23.Bc1b2 Rd8g8
24.Bb2xf6 h5
25.Bf6xh8 Rg8xh8
26.Rg3xg6 Nh2g4
27.Rg6e6 Ng4xf2
28.Rd1e1 c5
29.Re6e8 Rh8xe8
30.Re1xe8 Kc7
31.Re8h8 Nf2e4
32.Rh8xh5 Kc6
33.c4 Ne4f6
34.Rh5f5 Nf6e4
35.Kb2 Ne4g3
36.Rf5f7 Ng3e2
37.Ba6b7 1-0

[Event "Défi"]
[Site "www.echecsemail.com"]
[Date "2026.01.01"]
[Round "1"]
[White "Fr7d"]
[Black "Tartu"]
[WhiteElo "1640"]
[BlackElo "1700"]
[Result "0-1"]
1.e4 e6
2.d3 d5
3.Ng1f3 dxe4
4.dxe4 Qd8xd1
5.Kxd1 Bc8d7
6.Nb1c3 Nb8c6
7.Bc1e3 a6
8.Bf1d3 Bf8b4
9.Ke2 Ng8e7
10.a3 Bb4xc3
11.bxc3 O-O
12.Ra1b1 b6
13.h4 b5
14.c4 bxc4
15.Bd3xc4 Nc6a5
16.Bc4b3 Ra8b8
17.Rb1d1 Bd7b5
18.Ke1 Na5xb3
19.cxb3 Rf8d8
20.b4 h6
21.Be3c5 Ne7g6
22.g3 Rd8xd1
23.Kxd1 Rb8d8
24.Kc1 Bb5e2
25.Nf3d2 Ng6e5
26.Kc2 Ne5c4
27.Nd2xc4 Be2xc4
28.f4 Bc4d3
29.Kc3 Bd3xe4
30.g4 Rd8d3
31.Kc4 Rd3xa3
32.Rh1d1 Be4d5
33.Kd4 a5
34.b5 Ra3a4
35.Ke3 Ra4e4
36.Kf3 Re4e1
37.Kf2 Re1h1
38.Ke2 Rh1xh4
39.Rd1a1 Rh4xg4
40.Ra1xa5 Rg4xf4
41.Ra5a7 Bd5c4
42.Ke3 Rf4f5
43.Ra7xc7 Bc4xb5
44.Rc7b7 Bb5c6
45.Rb7c7 Bc6d5
46.Bc5d6 h5
47.Rc7c3 Rf5f3
48.Kd4 Rf3xc3
49.Kxc3 h4
50.Kd4 h3
51.Ke3 f6
52.Kf2 e5
53.Kg3 Bd5g2
54.Bd6c5 g6
55.Bc5e3 Kg7
56.Be3f2 f5
57.Bf2c5 e4
58.Bc5e3 Kf6
59.Be3f4 g5
60.Bf4e3 f4
61.Be3xf4 gxf4
62.Kxf4 h2
63.Kg3 h1Q
64.Kf4 Qh1h4
65.Ke3 Bg2f3
{ abandon }0-1

[Event "Défi"]
[Site "www.echecsemail.com"]
[Date "2026.01.01"]
[Round "1"]
[White "Solnic"]
[Black "Patau"]
[WhiteElo "1270"]
[BlackElo "1690"]
[Result "0-1"]
1.d4 f5
2.f4 g6
3.Ng1f3 Bf8g7
4.c3 Ng8f6
5.h3 O-O
6.e3 d5
7.Nf3e5 Nf6e4
8.Bf1d3 Nb8c6
9.O-O Bc8e6
10.Qd1b3 Nc6xe5
11.dxe5 b6
12.Bd3xe4 fxe4
13.g4 Be6f7
14.Nb1a3 d4
15.Qb3b5 d3
16.f5 e6
17.f6 Bg7h6
18.h4 Rf8e8
19.g5 Bh6f8
20.Rf1f4 d2
21.Bc1xd2 Qd8xd2
22.Na3c4 Qd2e2
23.Ra1e1 Qe2xe1
24.Rf4f1 Qe1g3
25.Kh1 Qg3xh4
26.Kg2 Qh4xg5
27.Kf2 Bf8c5
28.b4 Bc5xe3
29.Nc4xe3 Re8d8
30.Rf1g1 Qg5f4
31.Ke2 Qf4f3
32.Ke1 Qf3xe3
33.Qb5e2 Qe3xe2
34.Kxe2 Rd8d3
35.Kf1 Rd3xc3
36.Rg1g4 Rc3c2
37.Rg4xe4 Ra8d8
38.b5 Rd8d1
39.Re4e1 Rd1xe1
40.Kxe1 Rc2xa2
41.Kd1 h5
42.Kc1 h4
{ abandon }0-1

[Event "Eq:Les enfants de l Atlantide-O fou d hello :"]
[Site "www.echecsemail.com"]
[Date "2026.01.01"]
[Round "1"]
[White "Harvir"]
[Black "Sanvic76"]
[WhiteElo "1970"]
[BlackElo "1830"]
[Result "1/2-1/2"]
1.e4 c6
2.d4 d5
3.Nb1c3 e6
4.e5 Bf8b4
5.a3 Bb4a5
6.Ng1f3 Ng8e7
7.Bf1d3 Nb8d7
8.O-O b5
9.b4 Ba5b6
10.Nc3e2 h6
11.c3 Nd7f8
12.Ne2f4 Nf8h7
13.a4 a6
14.axb5 a5
15.bxc6 Ne7xc6
16.b5 Nc6a7
17.Bc1a3 Bc8d7
18.Nf4g6 Rh8g8
19.Qd1e2 Na7c8
20.c4 Nc8e7
21.Ng6xe7 Rg8h8
22.c5 Qd8xe7
23.cxb6 Qe7d8
24.Ba3c5 Qd8b8
25.Ra1a4 Nh7f8
26.Rf1a1 { nul }1/2-1/2

[Event "Eq:Les enfants de l Atlantide-O fou d hello :"]
[Site "www.echecsemail.com"]
[Date "2026.01.01"]
[Round "1"]
[White "Sanvic76"]
[Black "Harvir"]
[WhiteElo "1830"]
[BlackElo "1970"]
[Result "1/2-1/2"]
1.d4 d5
2.e3 e6
3.Bf1d3 Ng8f6
4.f4 c5
5.c3 Nb8c6
6.Ng1f3 cxd4
7.exd4 Bf8e7
8.O-O O-O
9.Nf3e5 a6
10.Bc1e3 Bc8d7
11.Nb1d2 Ra8c8
12.Rf1f3 h6
13.Rf3h3 b5
14.Qd1f3 b4
15.Ne5xc6 Bd7xc6
16.Qf3g3 bxc3
17.bxc3 Bc6b5
18.Bd3xb5 axb5
19.Rh3xh6 Rc8xc3
20.Rh6h3 g6
21.Ra1f1 Nf6e4
22.Nd2xe4 dxe4
23.Rh3h6 Be7f6
24.f5 Rc3xe3
25.Qg3f4 Bf6g5
{ nul }1/2-1/2

[Event "Coupe Niveau 9"]
[Site "www.echecsemail.com"]
[Date "2026.01.01"]
[Round "1"]
[White "Orosco"]
[Black "Zax"]
[WhiteElo "2270"]
[BlackElo "2260"]
[Result "1/2-1/2"]
1.d4 c5
2.d5 Ng8f6
3.c4 b5
4.cxb5 a6
5.e3 axb5
6.Bf1xb5 Qd8a5
7.Nb1c3 Bc8b7
8.Bc1d2 Qa5b6
9.Ng1f3 Nf6xd5
10.a4 e6
11.a5 Qb6c7
12.Nc3xd5 Bb7xd5
13.Bd2c3 Bf8e7
14.O-O O-O
15.a6 Nb8c6
16.Qd1a4 Rf8b8
17.Qa4g4 Be7f8
18.Bb5e2 Nc6b4
19.Nf3g5 h6
20.Ng5h3 Rb8b6
21.Nh3f4 Bd5e4
22.Nf4h5 Be4g6
23.Rf1c1 d5
24.Nh5xg7 Bf8xg7
25.Bc3xb4 c4
26.Bb4c3 Bg7xc3
27.bxc3 Rb6xa6
28.Ra1xa6 Ra8xa6
29.h4 Kf8
30.Qg4d4 Qc7b6
31.Qd4xb6 { nul }1/2-1/2